000
00343 a2200157 4500
001
179379
020
_a
040
_c
Magnum
100
_a
Prado, Lucilia Junqueira de Almeida
240
1
0
_a
Para os verdes anos
_l
por
245
1
0
_a
Para os verdes anos
362
0
_a
1899
440
1
_a
Global
697
_a
MAGNITO: IJ/GERAL
942
_c
BK
999
_c
179379
_d
179379